000
00344cam a2200145ua 4500
041
_a
hin
_h
082
_a
891.43
_b
RAJ/PA
100
_a
Rajeswari, M .
245
_a
Pandya parijat /
_c
Rajeawari.
_h
Textual Documents
260
_a
:
_b
Prasad pustak Mandir ,
_c
1970.
300
_a
110 ; .
504
_a
942
_c
BK
999
_c
12293
_d
12293